000 00530nam a2200229Ia 4500
003 OSt
005 20220912144327.0
006 a|||||r|||| 00| 0
007 ta
008 220909b |||||||| |||| 00| 0 eng d
020 _aSL01094326
024 _a194927
037 _cTextual
040 _aCSL
_beng
_cCSL
041 _aeng
082 _aE:34, N4
100 _aKothari CR
245 0 _aQuantitative techniques
700 _aKothari CR
942 _hE:34, N4
_cTEXL
_2CC
999 _c4999
_d4999